Mexico-US Border Cities on the Map - Statistics

General Stats
  • This quiz has been taken 577 times
    569 since last reset
  • The average score is 12 of 16
Answers on the Map
Answers color-coded by a green-red scale on the quiz's map according to % correct below.
 
Answer Stats
Cities % Correct
San Diego
95%
El Paso
93%
Tijuana
93%
Los Angeles
89%
Phoenix
84%
Ciudad Juarez
79%
San Antonio
77%
Tucson
77%
Monterrey
75%
Mexicali
70%
Brownsville
64%
Chihuahua
63%
Laredo
60%
McAllen
55%
Hermosillo
39%
Nogales
39%
No matching quizzes found
Score Distribution
Percent of People with Each Score
Percentile by Number Answered
Your Score History
You have not taken this quiz since the last reset